Une question décapitée (notice n° 2072155)
[ vue normale ]
| 000 -LEADER | |
|---|---|
| fixed length control field | 02419cam a2200181 4500500 |
| 005 - DATE AND TIME OF LATEST TRANSACTION | |
| control field | 20260405003926.0 |
| 041 ## - LANGUAGE CODE | |
| Language code of text/sound track or separate title | fre |
| 042 ## - AUTHENTICATION CODE | |
| Authentication code | dc |
| 100 10 - MAIN ENTRY--PERSONAL NAME | |
| Personal name | Evdirehîm, Dewran |
| Relator term | author |
| 245 00 - TITLE STATEMENT | |
| Title | Une question décapitée |
| 260 ## - PUBLICATION, DISTRIBUTION, ETC. | |
| Date of publication, distribution, etc. | 2026.<br/> |
| 500 ## - GENERAL NOTE | |
| General note | 32 |
| 520 ## - SUMMARY, ETC. | |
| Summary, etc. | Cet article explore la perception du concile de Nicée (325) chez cinq intellectuels musulmans arabes du XXIe siècle, analysant leur compréhension des motifs de sa convocation, des groupes impliqués et des débats théologiques qui s’y sont tenus. Il examine leur appréciation du concile comme instance d’autorité ainsi que leurs positions contrastées envers Arius, entre héraut du monothéisme et penseur en rupture, tout en interrogeant la méthodologie de leurs sources. À l’occasion du 1700e anniversaire de ce concile œcuménique majeur, l’étude évalue si l’approche musulmane contemporaine se limite à une reprise des discours anciens ou propose une lecture nouvelle, enrichie par les études historiques et le dialogue interreligieux. |
| 520 ## - SUMMARY, ETC. | |
| Summary, etc. | This article explores the perception of the Council of Nicaea (325) in the writings of five 21st Century Arab Muslim intellectuals and scholars. The author analyzes their understanding of the reasons for the council’s convocation, their presentation of the groups involved, their interpretation of the debates held and the decisions taken. He also examines their appreciation of the Council as both an institutional mechanism and a theological authority. Particular attention is given to their contrasting positions toward Arius, seen by some as a herald of pure monotheism, by others as a thinker whose views conflicted with divine unity. The study identifies the main sources these authors rely on, and questions their methodological relevance. On the occasion of the 1700th anniversary of the ecumenical council par excellence, this article offers insight into contemporary Muslim perspective on a major event in Christian history, and raises a central question : is this merely a repetition of traditional narratives, or does it reflect a renewed interpretation, shaped by recent historical studies and the dynamics of interreligious dialogue? |
| 700 10 - ADDED ENTRY--PERSONAL NAME | |
| Personal name | Depaule, Jean-Charles |
| Relator term | author |
| 786 0# - DATA SOURCE ENTRY | |
| Note | Po&sie | 194 | 4 | 2026-02-27 | p. 73-88 | 0152-0032 |
| 856 41 - ELECTRONIC LOCATION AND ACCESS | |
| Uniform Resource Identifier | <a href="https://shs.cairn.info/revue-poesie-2025-4-page-73?lang=fr&redirect-ssocas=7080">https://shs.cairn.info/revue-poesie-2025-4-page-73?lang=fr&redirect-ssocas=7080</a> |
Pas d'exemplaire disponible.




Réseaux sociaux